Municipis del Camp de Morvedre - Estadísticas

Estadísticas generales
  • Esta prueba ha sido intentada 331 veces
  • La puntuación promedio es 10 de 16
Respuestas en el mapa
Las respuestas están codificadas por una escala verde-roja en el mapa de la prueba según el % correcto abajo.
 
Estadísticas de respuestas
Resposta % Correcto
Sagunt
100%
Canet d'en Berenguer
86%
Gilet
77%
Alfara de la Baronia
70%
Algímia d'Alfara
69%
Torres Torres
69%
Faura
68%
Albalat dels Tarongers
64%
Estivella
64%
Quartell
60%
Algar de Palància
55%
Quart de les Valls
53%
Segart
53%
Petrés
52%
Benifairó de les Valls
51%
Benavites
49%
No se encontraron pruebas coincidentes
Distribución de puntuación
Porcentaje de gente con cada puntuación
Porcentaje por número respondido
Historial de tus puntuaciones
No has intentado esta prueba.